BIBLIOTECA

SENCICO

Mudança e decisao : perplexidades do dirigente e do dirigido (Registro nro. 1527)

Detalles MARC
000 -LEADER
fixed length control field 00615nam a2200241Ia 4500
005 - DATE AND TIME OF LATEST TRANSACTION
control field 20251020182514.0
008 - FIXED-LENGTH DATA ELEMENTS--GENERAL INFORMATION
fixed length control field 200515s9999 xx 000 0 und d
020 ## - INTERNATIONAL STANDARD BOOK NUMBER
International Standard Book Number 85-03-001991-8
082 ## - DEWEY DECIMAL CLASSIFICATION NUMBER
Classification number 658.3/M28
100 ## - MAIN ENTRY--PERSONAL NAME
Personal name GOMES DE MATOS, Francisco
245 #0 - TITLE STATEMENT
Title Mudança e decisao : perplexidades do dirigente e do dirigido
260 ## - PUBLICATION, DISTRIBUTION, ETC.
Place of publication, distribution, etc. Rio de Janeiro
260 ## - PUBLICATION, DISTRIBUTION, ETC.
Name of publisher, distributor, etc. José Olimpico Ed.
260 ## - PUBLICATION, DISTRIBUTION, ETC.
Date of publication, distribution, etc. 1987
300 ## - PHYSICAL DESCRIPTION
Extent 86 p.
300 ## - PHYSICAL DESCRIPTION
Other physical details il.
500 ## - GENERAL NOTE
General note 1 ejemplar
650 ## - SUBJECT ADDED ENTRY--TOPICAL TERM
Topical term or geographic name entry element ADMINISTRACION DE EMPRESAS
650 ## - SUBJECT ADDED ENTRY--TOPICAL TERM
Topical term or geographic name entry element ADMINISTRACION DE PERSONAL
650 ## - SUBJECT ADDED ENTRY--TOPICAL TERM
Topical term or geographic name entry element LIB
942 ## - ADDED ENTRY ELEMENTS (KOHA)
Koha item type Libros
Existencias
Fecha de la última vez que lo usaron Pago total Signatura topográfica completa Código de barras Precio efectivo desde Tipo de documento Estado perdido Estado dañado No es para préstamo Retirado Ubicación permanente Ubicación actual Fecha de adquisición
15/05/2020   658.3/M28 Bib-Lima15051527 15/05/2020 Libros         Biblioteca Central Lima Biblioteca Central Lima 15/05/2020